01065nam a2200205Ia 450000500170000000800410001702000170005802000200007505000230009510000410011824500850015926000420024430000440028633600100033033700140034033800120035450400370036650504270040365000290083020231102151126.0120626s2006 mx a 000 0 spa d a9681867068  a9789681867065 14aHF5548.8bV46 20061 aVelazquez Mastretta, Gustavo.eautor10aPsicología del trabajo en la organización c / Gustavo Vélazquez Mastretta aMéxico b : Limusa Noriegac , 2006 a279 páginasbdiagramas, ilustraciones atexto asin medio avolumen aIncluye: Bibliografía (p. 279)2 aFundamentos de la psicología en general Teorías de la personalidad La motivación y las teorías motivacionales El comportamiento humano en el campo laboral El comportamiento grupal dentro de las organizaciones Aspectos socioculturales del mexicano en la organización La salud mental en las organizaciones La psicología y la toma de decisiones en la organización Relaciones públicas versus relaciones humanas14aPSICOLOGÍA INDUSTRIAL